| 000 | 00588nam a2200181Ia 4500 | ||
|---|---|---|---|
| 003 | GCL | ||
| 008 | 140319s9999 xx 000 0 ara d | ||
| 040 |
_aGCL / _cGCL |
||
| 082 | 0 | 4 |
_aد _b050 |
| 100 | 1 | _aاسامة عبدالرحمن | |
| 245 | 1 | 0 |
_aالبيروقراطية النفطية ومعضلة التنمية (عالم المعرفة 57) / _cاسامة عبدالرحمن |
| 300 | _a363 ص | ||
| 490 |
_aعالم المعرفة _v0 |
||
| 650 | 0 | 4 | _aالبترول |
| 650 | 0 | 4 | _aالجيولوجيا الاقتصادية |
| 650 | 0 | 4 | _aمصادر الطاقة |
| 942 |
_2ddc _cBK |
||
| 999 |
_c50357 _d50357 |
||